1039 1696 1787 1643 1738 1395 1753 1365 1120 1536 1967 1759 1346 1360 1783 1658 1251 1471 1064 1900 1077 1627 1034 1730 1291 1683 1678 1645 1504 1243 1275 1109 1256 1565 1696 1121 1758 1602 1742 1948 1598 1291 1072 1299 1941 1865 1444 1743 1556 1020 1771 1023 1891 1321 1958 1665 1899 1831 1892 1548 1672 1048 1387 1817 1098 1193 1980 1397 1843 1502 1987 1355 1123 1857 1315 1848 1818 1103 1688 1147 1758 1655 1558 1607 1771 1201 1277 1643 1743 1416 1905 1045 1160 1929 1069 1634 1417 1564 1341 BCNSPRNW ULIB Ver.6.0+V

เปลี่ยนเป็นภาษาไทย

Change to English
 แสดงรายละเอียดบรรณานุกรม
  กลับหน้าหลัก

Brief Record : Get Marc (ISO 2709) : E-mail record : QR code < ปิดหน้าต่าง
LEADER : 00000nam 2200000uu 4500
001    13399113740
003     ULIB
008    111220s2546||||th 000 0 tha d
020    ^a9745063444
060 04 ^aWA9^bศ464ก 2546
245 00 ^aการพัฒนาศักยภาพบุคลากรเพื่อรับการกระจายอำนาจด้านสุขภาพใน 10 จังหวัดนำร่อง /^cกลุ่มสนับสนุนและพัฒนาการกระจายอำนาจด้านสุขภาพ สำนักนโยบายและยุทธศาสตร์ กระทรวงสาธารณสุข ; เรียบเรียง,ศิริพรรณ พันธุมะโอภาส ... [และคนอื่นๆ]
250    ^aพิมพ์ครั้งที่ 1
260    ^aนนทบุรี :^bสำนักงานสนับสนุนและพัฒนาการกระจายอำนาจด้านสุขภาพ (สพกส.),^c2546
300    ^a46 หน้า :^bภาพประกอบ ;^c21 ซม.
650  7 ^aการกระจายอำนาจด้านสุขภาพ
700 0  ^aศิริพรรณ พันธุมะโอภาส
700 0  ^aพัชรินทร์ ทองอยู่
710 2  ^aกระทรวงสาธารณสุข. ^bสำนักนโยบายและยุทธศาสตร์
710 2  ^aสำนักงานสนับสนุนและพัฒนาการกระจายอำนาจด้านสุขภาพ
945    ^p0^l0^i24539
945    ^p0^l0^i24540
995    ^aกัณชพร
999    ^aใช้งานได้ทุกระบบ
รายการนี้ยังไม่มีแท็ก
คุณยังไม่ได้ล็อกอิน คุณสามารถมีกิจกรรมร่วมกับเว็บไซต์ได้ แต่ต้องล็อกอินก่อน ::
  ล็อกอิน

รายการสื่อสารสนเทศ

ลำดับที่ ประเภท เลขเรียก/บาร์โค้ด สถานที่ สถานะ
- ไม่พบข้อมูล -

รายการใกล้เคียง
    หัวเรื่อง [การกระจายอำนาจด้านสุขภาพ]

BibComment


ยังไม่เคยถูกคอมเมนท์

คอมเมนท์ทรัพยากรรายการนี้
  คอมเมนท์: การพัฒนาศักยภาพบ..


 Copyright 2026. Bcnsprnw @Library